Orchestrácia a monitoring aplikácie servera

Na minha lista:
Detalhes bibliográficos
Autor principal: Suchán, Filip (Author)
Outros Autores: Baroňák, Ivan (Thesis advisor)
Formato: Manuscrito Livro
Idioma:eslovaco
Publicado em: Bratislava : STU v Bratislave FEI, 2022
Assuntos:
Acesso em linha:https://opac.crzp.sk/?fn=detailBiblioFormChildO4C4B&sid=2990E1F3D3E255467E853359E9F3&seo=CRZP-detail-kniha
Tags: Adicionar Tag
Sem tags, seja o primeiro a adicionar uma tag!

MARC

LEADER 00000ntm a22000003a 4500
001 stuzp87177
003 SK-STU
005 20230123141734.3
007 ta
008 150427s2015----xo-----f-mn---000-0-slo-d
040 |a STU  |b slo 
041 0 |a slo 
044 |a xo 
100 1 |a Suchán, Filip  |u 037000  |4 aut  |U FEI Fakulta elektrotechniky a informatiky  |T FEI Ústav multimediálnych informačných a komunikačných technológií  |X 79943  |U E070  |Y 818  |7 79943 
242 0 1 |a Orchestration and monitoring of the server application  |y eng 
245 1 0 |a Orchestrácia a monitoring aplikácie servera 
260 |a Bratislava :  |b STU v Bratislave FEI,  |c 2022 
300 |a 61 s., príl. 
650 4 |a IaaS  |2 slo 
650 4 |a Cloud Computing  |2 slo 
650 4 |a Openstack  |2 slo 
650 4 |a Kontajnerizácia  |2 slo 
650 4 |a Orchestrácia  |2 slo 
650 4 |a Kubernetes  |2 slo 
650 4 |a IaaS  |2 eng 
650 4 |a Cloud Computing  |2 eng 
650 4 |a Orchestration  |2 eng 
650 4 |a Openstack  |2 eng 
650 4 |a Kubernetes  |2 eng 
650 4 |a Containerization  |2 eng 
700 1 |a Baroňák, Ivan  |u 037000  |k Z1  |4 ths  |U FEI Fakulta elektrotechniky a informatiky  |T FEI Ústav multimediálnych informačných a komunikačných technológií  |X 1925  |U E070  |Y 818  |7 A000001925 
856 4 |u https://opac.crzp.sk/?fn=detailBiblioFormChildO4C4B&sid=2990E1F3D3E255467E853359E9F3&seo=CRZP-detail-kniha